00827cam a22002411 4500001001300000003000400013005001700017008004100034010001700075035002000092040001800112042001200130050002100142111008300163245006100246260003100307300002600338650004900364710003900413710005500452710006100507999001700568ca 35000424 DLC20260227111137.0821020s1932 miua 100 0 eng  aca 35000424  a(OCoLC)29091030 aDLCcMnUdDLC apremarc00aGV205b.I6 1932d2 aInternational Olympics Conference on Physical Educationd(1932 :cLos Angeles)00aInternational Olympics conference on physical education. a[Ann Arbor? Mich.,c1932?] a48 p.billus.c29 cm. 0aPhysical education and trainingvCongresses.2 aUniversity of Southern California.2 aLos Angeles University of International Relations.2 aAmerican Academy of Physical Education.bAnnual Meeting. c17790d17790